Janice Harper, Health, Illness and Death Among Madagascar’s People of the Forest. Préface de Pamela J. Stewart et Andrew Strathern Durham, Carolina Academic Press, 2002, xvii + 273 p., bibl., index, gloss., ill. («Ethnographic Studies in Medical Anthropology») (notice n° 1645938)
[ vue normale ]
| 000 -LEADER | |
|---|---|
| fixed length control field | 00675cam a2200145 4500500 |
| 005 - DATE AND TIME OF LATEST TRANSACTION | |
| control field | 20260208002338.0 |
| 041 ## - LANGUAGE CODE | |
| Language code of text/sound track or separate title | fre |
| 042 ## - AUTHENTICATION CODE | |
| Authentication code | dc |
| 100 10 - MAIN ENTRY--PERSONAL NAME | |
| Personal name | Goedefroit, Sophie |
| Relator term | author |
| 245 00 - TITLE STATEMENT | |
| Title | Janice Harper, Health, Illness and Death Among Madagascar’s People of the Forest. Préface de Pamela J. Stewart et Andrew Strathern Durham, Carolina Academic Press, 2002, xvii + 273 p., bibl., index, gloss., ill. («Ethnographic Studies in Medical Anthropology») |
| 260 ## - PUBLICATION, DISTRIBUTION, ETC. | |
| Date of publication, distribution, etc. | 2005.<br/> |
| 500 ## - GENERAL NOTE | |
| General note | 58 |
| 786 0# - DATA SOURCE ENTRY | |
| Note | L'Homme | 173 | 1 | 2005-01-01 | p. 199x-283x | 0439-4216 |
| 856 41 - ELECTRONIC LOCATION AND ACCESS | |
| Uniform Resource Identifier | <a href="https://shs.cairn.info/revue-l-homme-2005-1-page-199x?lang=fr&redirect-ssocas=7080">https://shs.cairn.info/revue-l-homme-2005-1-page-199x?lang=fr&redirect-ssocas=7080</a> |
Pas d'exemplaire disponible.




Réseaux sociaux